[Event "Landesklasse Ost 2013/2014"]
[Site "?"]
[Date "2014.04.13"]
[Round "9"]
[White "Markowski, Erhard"]
[Black "Manicke, Hans-Joachim"]
[Result "0-1"]
[WhiteElo "1689"]
[BlackElo "1921"]
[PlyCount "90"]
[EventDate "2014.??.??"]

1. c4 e5 2. Nc3 Nf6 3. g3 Bb4 4. Bg2 O-O 5. e3 c6 6. Nge2 Bxc3 7. bxc3 Re8 8.
O-O d5 9. cxd5 cxd5 10. d4 e4 11. Qb3 Nc6 12. a4 b6 13. Qd1 Ba6 14. f3 Na5 15.
fxe4 Nxe4 16. Rf4 Bxe2 17. Qxe2 Nxc3 18. Qe1 Ne4 19. Bxe4 Rxe4 20. Qf2 Rxf4 21.
exf4 Qd7 22. f5 Rc8 23. Be3 Nc4 24. f6 Nxe3 25. Qxe3 Qe6 26. Qxe6 fxe6 27. fxg7
Kxg7 28. a5 Rc4 29. axb6 axb6 30. Rb1 Rxd4 31. Rxb6 Re4 32. Kf2 Kf6 33. h3 h5
34. Kf3 Re5 35. Rd6 Rf5+ 36. Ke3 Ke5 37. Rd8 Rg5 38. Kf3 Kd4 39. g4 hxg4+ 40.
hxg4 Ke5 41. Rd7 Rg8 42. Rh7 Rf8+ 43. Ke3 d4+ 44. Kd3 Rf3+ 45. Ke2 Rg3 0-1

[Event "Landesklasse Ost 2013/2014"]
[Site "?"]
[Date "2014.04.13"]
[Round "9"]
[White "Walther, Thomas"]
[Black "Bülau, Daniel"]
[Result "1/2-1/2"]
[WhiteElo "1870"]
[BlackElo "1495"]
[PlyCount "63"]
[EventDate "2014.??.??"]

1. e4 e5 2. Nf3 Nc6 3. Bc4 Nf6 4. d3 Be7 5. c3 O-O 6. Bb3 d5 7. Qe2 Bg4 8. h3
Bxf3 9. Qxf3 dxe4 10. dxe4 Qd7 11. Nd2 Rad8 12. Nf1 Qd3 13. Qxd3 Rxd3 14. Bc2
Rdd8 15. Be3 a6 16. Ng3 Rd7 17. Nf5 Rfd8 18. Nxe7+ Nxe7 19. Ke2 Ng6 20. g3 h6
21. Rad1 Rxd1 22. Rxd1 Rxd1 23. Kxd1 Kf8 24. Ke2 b6 25. a4 Ke7 26. b4 Kd6 27.
Kd3 Nd7 28. c4 c5 29. a5 bxa5 30. bxa5 Ne7 31. Ba4 Nb8 32. Bd2 1/2-1/2

[Event "Landesklasse Ost 2013/2014"]
[Site "?"]
[Date "2014.04.13"]
[Round "9"]
[White "Schulz, Phillip"]
[Black "Ahmed, Daniel"]
[Result "1/2-1/2"]
[WhiteElo "1582"]
[BlackElo "1198"]
[PlyCount "47"]
[EventDate "2014.??.??"]

1. d4 b5 2. e3 Bb7 3. Nf3 a6 4. Bd3 Nf6 5. O-O d6 6. Nbd2 Nbd7 7. Re1 e6 8. c4
b4 9. e4 c5 10. d5 e5 11. Nb3 Be7 12. Bd2 O-O 13. a3 a5 14. axb4 axb4 15. Nxc5
dxc5 16. Be3 Ng4 17. Bc2 Nxe3 18. Rxe3 Rxa1 19. Qxa1 Qa8 20. Qd1 Bd6 21. Re1
Qa2 22. Bb3 Qxb2 23. Re2 Qc3 24. Re3 1/2-1/2

[Event "Landesklasse Ost 2013/2014"]
[Site "?"]
[Date "2014.04.13"]
[Round "9"]
[White "Sunderbrink, Heino"]
[Black "Schlierf, Andre"]
[Result "1-0"]
[WhiteElo "1968"]
[BlackElo "1871"]
[PlyCount "87"]
[EventDate "2014.??.??"]
[WhiteTeam "SV Medizin Erfurt"]
[BlackTeam "TuS Osterburg Weida"]

1. Nf3 e6 2. g3 f5 3. Bg2 Nf6 4. d3 d6 5. c4 Be7 6. Nc3 O-O 7. O-O c6 8. e4 e5
9. c5 Qe8 10. cxd6 Bxd6 11. exf5 Bxf5 12. Ng5 Qd7 13. d4 h6 14. dxe5 Bxe5 15.
Qb3+ Kh8 16. Nf3 Bxc3 17. Qxc3 Qd3 18. Qb4 Na6 19. Qxb7 Nc5 20. Qb4 Nce4 21.
Qd4 Rad8 22. Qxd3 Rxd3 23. Ne5 Rd6 24. Be3 Re6 25. Nc4 a6 26. Rfd1 Nd5 27. Bd4
Bg4 28. Re1 Ng5 29. Rxe6 Nxe6 30. Be5 Bf3 31. Bxf3 Rxf3 32. Rd1 Ng5 33. Kg2 Rf7
34. f4 Ne4 35. Kf3 Ng5+ 36. Ke2 Ne4 37. Ne3 Nef6 38. Nxd5 Nxd5 39. Rc1 Kh7 40.
Rxc6 Nb4 41. Rc7 Rxc7 42. Bxc7 Nxa2 43. Bd6 Nc1+ 44. Kd2 1-0

[Event "Landesklasse Ost 2013/2014"]
[Site "?"]
[Date "2014.04.13"]
[Round "9"]
[White "Schumann, Robert"]
[Black "Zeuner, Ulrich"]
[Result "0-1"]
[WhiteElo "1838"]
[BlackElo "1970"]
[PlyCount "116"]
[EventDate "2014.??.??"]
[WhiteTeam "TuS Osterburg Weida"]
[BlackTeam "SV Medizin Erfurt"]

1. d4 Nf6 2. Nf3 g6 3. Bf4 Bg7 4. c4 c5 5. Nc3 cxd4 6. Nxd4 d6 7. Bg3 Nc6 8. e3
Nh5 9. Nxc6 bxc6 10. Qd2 Rb8 11. Be2 Nxg3 12. hxg3 Qa5 13. O-O Qb4 14. Rab1 O-O
15. Rfd1 Be6 16. Qd3 Qa5 17. a3 Rfc8 18. Rdc1 Rb3 19. Bd1 Rb7 20. Bf3 Qa6 21.
Be2 Rcb8 22. c5 Qxd3 23. Bxd3 Rxb2 24. Rxb2 Rxb2 25. cxd6 exd6 26. Ne2 c5 27.
a4 Rb4 28. Bb5 Bb3 29. Rb1 a5 30. Nc1 c4 31. Nxb3 cxb3 32. Kf1 b2 33. Ke2 Kf8
34. Kd2 Ke7 35. f3 d5 36. Kc2 Kd6 37. Rd1 Kc5 38. Kb1 Rb3 39. Rd3 Bc3 40. Rd1
Ra3 41. Kc2 Ra1 42. Rb1 Bg7 43. g4 Ra3 44. Re1 Kb4 45. e4 Bc3 46. Rb1 dxe4 47.
fxe4 Be5 48. Rf1 f6 49. Rf3 Bc3 50. Rf1 Ra1 51. Rb1 Be5 52. Rf1 g5 53. Rb1 Ra3
54. Rh1 Rg3 55. Bf1 Rc3+ 56. Kxb2 Rh3+ 57. Kc2 Rxh1 58. Bb5 Rg1 0-1

[Event "Landesklasse Ost 2013/2014"]
[Site "?"]
[Date "2014.04.13"]
[Round "9"]
[White "Kube, Hannelore"]
[Black "Künzel, Andre"]
[Result "0-1"]
[WhiteElo "1808"]
[BlackElo "1900"]
[PlyCount "80"]
[EventDate "2014.??.??"]
[WhiteTeam "SV Medizin Erfurt"]
[BlackTeam "TuS Osterburg Weida"]

1. c4 e5 2. Nc3 d6 3. e4 Nf6 4. d3 Be7 5. Nf3 O-O 6. Be2 Nc6 7. O-O a6 8. Nd5
Nxd5 9. cxd5 Na7 10. d4 exd4 11. Nxd4 Bf6 12. Be3 Bd7 13. Rc1 c5 14. dxc6 Nxc6
15. Qd2 Qe7 16. Rfd1 Rfd8 17. f3 d5 18. Nf5 Bxf5 19. exf5 Re8 20. Kf2 Bxb2 21.
Rc2 Bf6 22. Bc5 Qe5 23. f4 Qxf5 24. g4 Bh4+ 25. Kg2 Qg6 26. Kh3 Be7 27. f5 Qf6
28. Bd4 Qh4+ 29. Kg2 Bg5 30. Qd3 Nxd4 31. Qxd4 Bf6 32. Qf2 Qh6 33. Rxd5 Be5 34.
h3 Rad8 35. Rxd8 Rxd8 36. Qe3 Qxe3 37. Bf3 Rd2+ 38. Rxd2 Qxd2+ 39. Be2 Qxe2+
40. Kh1 Qh2# 0-1

[Event "Landesklasse Ost 2013/2014"]
[Site "?"]
[Date "2014.04.13"]
[Round "9"]
[White "Heine, Robert"]
[Black "Fischer, Dennis"]
[Result "0-1"]
[WhiteElo "1594"]
[BlackElo "1904"]
[PlyCount "74"]
[EventDate "2014.??.??"]
[WhiteTeam "TuS Osterburg Weida"]
[BlackTeam "SV Medizin Erfurt"]

1. d4 Nf6 2. Nf3 d6 3. e3 g6 4. Nbd2 Bg7 5. Bd3 O-O 6. O-O Nc6 7. c3 a6 8. e4
e5 9. Re1 Nd7 10. dxe5 Ndxe5 11. Nxe5 Nxe5 12. Nf1 Nxd3 13. Qxd3 Bd7 14. Be3
Re8 15. Bd4 Qg5 16. Re3 Bc6 17. Rae1 Be5 18. Nd2 Bf4 19. Nf3 Qa5 20. R3e2 Qxa2
21. e5 Bb5 22. Qe4 Bxe2 23. Qxf4 Bxf3 24. Qxf3 dxe5 25. Be3 c6 26. Bh6 Qe6 27.
Qe3 Rad8 28. h4 e4 29. Qb6 Qe7 30. Be3 Rd5 31. c4 Rd7 32. Qb3 Qxh4 33. Qc2 Re5
34. Qc3 Rh5 35. Kf1 Qh1+ 36. Ke2 Qxg2 37. Qf6 Qg4+ 0-1

[Event "Landesklasse Ost 2013/2014"]
[Site "?"]
[Date "2014.04.13"]
[Round "9"]
[White "Rost, Detlef"]
[Black "Wagner, Uwe"]
[Result "1/2-1/2"]
[WhiteElo "1885"]
[BlackElo "1710"]
[PlyCount "54"]
[EventDate "2014.??.??"]
[WhiteTeam "SV Medizin Erfurt"]
[BlackTeam "TuS Osterburg Weida"]

1. d4 Nf6 2. c4 e6 3. Nf3 d5 4. Bg5 Be7 5. e3 O-O 6. Nc3 h6 7. Bh4 Ne4 8. Bxe7
Qxe7 9. Qc2 Nxc3 10. Qxc3 dxc4 11. Bxc4 c5 12. dxc5 Qxc5 13. Rc1 b6 14. b4 Qe7
15. O-O Bb7 16. Be2 Na6 17. a3 Rac8 18. Qb2 Rc7 19. Rxc7 Nxc7 20. Rc1 Rc8 21.
Qe5 Ne8 22. Rxc8 Bxc8 23. Nd4 Kf8 24. Bf3 Qc7 25. Qxc7 Nxc7 26. Kf1 Ba6+ 27.
Be2 Bb7 1/2-1/2

[Event "Landesklasse Ost 2013/2014"]
[Site "?"]
[Date "2014.04.13"]
[Round "9"]
[White "Urban, Bernd"]
[Black "Eger, Axel"]
[Result "1/2-1/2"]
[WhiteElo "1698"]
[BlackElo "1847"]
[PlyCount "102"]
[EventDate "2014.??.??"]
[WhiteTeam "TuS Osterburg Weida"]
[BlackTeam "SV Medizin Erfurt"]

1. c4 e6 2. Nf3 d5 3. d4 Nf6 4. Nc3 Be7 5. Bf4 a6 6. e3 O-O 7. Bd3 c5 8. cxd5
exd5 9. dxc5 Bxc5 10. O-O Nc6 11. a3 d4 12. exd4 Nxd4 13. Ne4 Ba7 14. Bg5 Nxf3+
15. Qxf3 Bd4 16. Nxf6+ Bxf6 17. Bxf6 Qxf6 18. Qxf6 gxf6 19. Rac1 Rb8 20. Rc5
Rd8 21. Bb1 Rd2 22. b4 Kg7 23. Rc2 Rd6 24. Rc7 Be6 25. f4 Rd2 26. Be4 Ra2 27.
f5 Bb3 28. Rc3 Ba4 29. Rfc1 Bc6 30. Rg3+ Kf8 31. Bxc6 bxc6 32. Rxc6 a5 33. Rgc3
Kg7 34. Rb3 axb4 35. axb4 Rd8 36. Rc1 Rdd2 37. Rg3+ Kf8 38. Rb1 Rdc2 39. h3 Rd2
40. Rbb3 Ra1+ 41. Kh2 Rdd1 42. Rgf3 h5 43. h4 Rd4 44. Rh3 Ra2 45. b5 Rg4 46.
Rbg3 Rxg3 47. Rxg3 Rb2 48. Rf3 Rxb5 49. Rf4 Kg7 50. Kh3 Rb3+ 51. g3 Kh6 1/2-1/2

[Event "Landesklasse Ost 2013/2014"]
[Site "?"]
[Date "2014.04.13"]
[Round "9"]
[White "Schulze, Reiner"]
[Black "Heine, Mario"]
[Result "1-0"]
[WhiteElo "1765"]
[BlackElo "1698"]
[PlyCount "89"]
[EventDate "2014.??.??"]
[WhiteTeam "SV Medizin Erfurt"]
[BlackTeam "TuS Osterburg Weida"]

1. e4 d6 2. d4 Nf6 3. Nc3 c6 4. f4 Nbd7 5. e5 Nd5 6. Nxd5 cxd5 7. Bd3 e6 8. Nf3
dxe5 9. fxe5 h6 10. c3 Be7 11. Be3 b6 12. Qd2 Bb7 13. O-O Qc8 14. Rf2 Ba6 15.
Raf1 g5 16. h3 Rg8 17. Nh2 Rg7 18. Ng4 Bxd3 19. Qxd3 h5 20. Nh6 f5 21. exf6
Nxf6 22. Rxf6 Bxf6 23. Rxf6 Ke7 24. Qf1 Qe8 25. h4 gxh4 26. Kh2 a6 27. Qf2 Ra7
28. Qxh4 Kd7 29. Qf2 Kc6 30. Qf5 Rae7 31. c4 Kb7 32. Qf2 dxc4 33. d5 Qb5 34.
dxe6 Qe5+ 35. Qf4 Qxb2 36. Qf3+ Ka7 37. Rf8 Rb7 38. Nf5 Rg4 39. e7 Qe5+ 40. g3
Re4 41. e8=Q Qb2+ 42. Qf2 Qxf2+ 43. Bxf2 Rxe8 44. Rxe8 Rf7 45. Re7+ 1-0

[Event "Landesklasse Ost 2013/2014"]
[Site "?"]
[Date "2014.04.13"]
[Round "9"]
[White "Lehmann, Volkhard"]
[Black "Stumm, Rainer"]
[Result "1-0"]
[WhiteElo "1653"]
[BlackElo "1599"]
[PlyCount "93"]
[EventDate "2014.??.??"]
[WhiteTeam "TuS Osterburg Weida"]
[BlackTeam "SV Medizin Erfurt"]

1. d4 Nf6 2. Bf4 d5 3. e3 e6 4. a3 Bd6 5. Bg3 c5 6. dxc5 Bxc5 7. b4 Bb6 8. c4
dxc4 9. Qxd8+ Bxd8 10. Bxc4 Ne4 11. Bd3 Bf6 12. Ra2 Nxg3 13. hxg3 Bd7 14. Nf3
h6 15. Nbd2 Nc6 16. Ne4 Be7 17. Rc2 Rd8 18. Ke2 a6 19. Nc5 Bxc5 20. Rxc5 Ne7
21. Rhc1 Rc8 22. Ne5 Rxc5 23. Rxc5 Nc6 24. Nxc6 Bxc6 25. Bxa6 Kd7 26. Bd3 b6
27. Rc3 Bxg2 28. Bb5+ Ke7 29. f3 h5 30. Rc7+ Kf6 31. Kf2 Bh3 32. Rb7 Rc8 33.
Rxb6 Rc2+ 34. Be2 g5 35. Rb5 Bf5 36. e4 Bg6 37. a4 g4 38. e5+ Ke7 39. Ke1 Rc1+
40. Kd2 Rc2+ 41. Kd1 gxf3 42. Bxf3 Rc3 43. Rb7+ Kd8 44. Ke2 Kc8 45. Rb6 Kc7 46.
a5 Bc2 47. Bxh5 1-0

[Event "Landesklasse West 2013/2014"]
[Site "?"]
[Date "2013.09.15"]
[Round "1"]
[White "Latussek, Paul"]
[Black "Hocke, Sebastian"]
[Result "0-1"]
[WhiteElo "1448"]
[BlackElo "2023"]
[PlyCount "70"]
[EventDate "2013.??.??"]
[WhiteTeam "Schachverein Stützerbach"]
[BlackTeam "ESV Lok Meiningen"]

1. f4 d5 2. Nf3 Nf6 3. e3 Bg4 4. Be2 Bxf3 5. Bxf3 e6 6. O-O Be7 7. b3 O-O 8.
Bb2 c5 9. c4 Nc6 10. Nc3 Qd7 11. Qe2 Rfe8 12. Rad1 d4 13. Ne4 a5 14. Nxf6+ Bxf6
15. Bxc6 Qxc6 16. exd4 cxd4 17. d3 a4 18. b4 a3 19. b5 Qc7 20. Ba1 e5 21. Rde1
Rad8 22. Qe4 Re7 23. g3 Rde8 24. Qf3 exf4 25. Rxe7 Qxe7 26. gxf4 Qe3+ 27. Qxe3
Rxe3 28. Rd1 Re2 29. Rc1 Kf8 30. c5 Ke7 31. c6 bxc6 32. bxc6 Kd8 33. c7+ Kc8
34. Kh1 Rxa2 35. h3 Rd2 0-1

[Event "Landesklasse West 2013/2014"]
[Site "?"]
[Date "2013.09.15"]
[Round "1"]
[White "Lehmann, Peter"]
[Black "Löhn, Marko"]
[Result "1-0"]
[WhiteElo "1943"]
[BlackElo "1564"]
[PlyCount "29"]
[EventDate "2013.??.??"]
[WhiteTeam "ESV Lok Meiningen"]
[BlackTeam "Schachverein Stützerbach"]

1. d4 Nf6 2. Nf3 d5 3. e3 Bf5 4. c4 c6 5. Nc3 Nbd7 6. Qb3 Nb6 7. c5 Nbd7 8.
Qxb7 Qc8 9. Ba6 Qd8 10. Qxc6 e6 11. Nb5 Bxc5 12. Nc7+ Ke7 13. dxc5 Ne4 14. Nxa8
Ndxc5 15. Qc7+ 1-0

[Event "Landesklasse West 2013/2014"]
[Site "?"]
[Date "2013.09.15"]
[Round "1"]
[White "Klesser, Robert"]
[Black "Scheftlein, Richard"]
[Result "0-1"]
[WhiteElo "1812"]
[BlackElo "1846"]
[PlyCount "48"]
[EventDate "2013.??.??"]
[WhiteTeam "Schachverein Stützerbach"]
[BlackTeam "ESV Lok Meiningen"]

1. d4 Nf6 2. Nf3 d5 3. e3 c6 4. Be2 Bg4 5. O-O e6 6. Nbd2 Bd6 7. c4 O-O 8. c5
Bc7 9. b4 Ne4 10. Nxe4 dxe4 11. Ne5 Bxe2 12. Qxe2 Qd5 13. f4 f5 14. Bb2 a5 15.
a3 axb4 16. axb4 Rxa1 17. Rxa1 Bxe5 18. dxe5 Qb3 19. b5 cxb5 20. Ra7 Qd5 21.
Qxb5 Rd8 22. Qxb7 Qd1+ 23. Kf2 Rd2+ 24. Kg3 Qg4# 0-1

[Event "Landesklasse West 2013/2014"]
[Site "?"]
[Date "2013.09.15"]
[Round "1"]
[White "Grube, Jan"]
[Black "Handschuh, Franz"]
[Result "0-1"]
[WhiteElo "1841"]
[BlackElo "1807"]
[PlyCount "128"]
[EventDate "2013.??.??"]
[WhiteTeam "ESV Lok Meiningen"]
[BlackTeam "Schachverein Stützerbach"]

1. c4 Nf6 2. d4 e6 3. Nc3 c5 4. d5 exd5 5. Nxd5 Nxd5 6. Qxd5 d6 7. Bg5 Qa5+ 8.
Bd2 Qb6 9. Bc3 Be6 10. Qe4 Qc6 11. Qxc6+ Nxc6 12. e3 O-O-O 13. Nf3 f6 14. Nd2
Be7 15. Be2 d5 16. cxd5 Bxd5 17. Bf3 Bxf3 18. Nxf3 Rd7 19. Ke2 Rhd8 20. Rhd1
Rxd1 21. Rxd1 Rxd1 22. Kxd1 b5 23. b3 Kd7 24. Kc2 Ke6 25. Kd3 Bd6 26. h3 g6 27.
g4 a6 28. Nd2 Be5 29. Ne4 Kd5 30. f4 c4+ 31. Ke2 Kxe4 32. fxe5 fxe5 33. bxc4 b4
34. Bd2 a5 35. Bc1 a4 36. a3 b3 37. Bb2 Na5 38. c5 Kd5 39. Kd3 e4+ 40. Kc3 Kxc5
41. g5 Nc4 42. Bc1 Ne5 43. Kb2 Nd3+ 44. Kb1 Nxc1 45. Kxc1 Kc4 46. Kd2 b2 47.
Kc2 b1=Q+ 48. Kxb1 Kd3 49. Kb2 Kxe3 50. Kc3 Kf2 51. Kb4 e3 52. Kxa4 e2 53. Kb5
e1=Q 54. a4 Qe2+ 55. Kb6 Qb2+ 56. Ka6 Kg3 57. a5 Kxh3 58. Ka7 Kg4 59. a6 Kxg5
60. Ka8 Qa3 61. a7 h5 62. Kb7 h4 63. a8=Q Qxa8+ 64. Kxa8 h3 0-1

[Event "Landesklasse West 2013/2014"]
[Site "?"]
[Date "2013.09.15"]
[Round "1"]
[White "Brehme, Stefan"]
[Black "Von Otte, Wilhelm"]
[Result "0-1"]
[WhiteElo "1775"]
[BlackElo "1938"]
[PlyCount "78"]
[EventDate "2013.??.??"]
[WhiteTeam "Schachverein Stützerbach"]
[BlackTeam "ESV Lok Meiningen"]

1. e4 Nc6 2. Nf3 d5 3. exd5 Qxd5 4. Nc3 Qa5 5. Bb5 Bd7 6. O-O a6 7. Bxc6 Bxc6
8. Nd4 Bd7 9. Qf3 Qb6 10. Nb3 Nf6 11. d3 O-O-O 12. Be3 Qc6 13. Nd4 Qxf3 14.
Nxf3 e6 15. Ne5 Be8 16. Rfd1 Nd5 17. Nxd5 exd5 18. d4 f6 19. Nd3 Bg6 20. c3 Bd6
21. Bf4 Rhe8 22. Bxd6 Rxd6 23. Nc5 Re2 24. b3 a5 25. Re1 Rc2 26. Re7 b6 27. Na4
Rd7 28. Re3 Kd8 29. Rae1 Rxa2 30. f4 Be4 31. R3e2 Ra3 32. c4 Rxb3 33. cxd5 f5
34. Nb2 Rxd5 35. Nc4 Rxd4 36. Nd2 Rbb4 37. Nf3 Bxf3 38. gxf3 Kc8 39. Re7 Rd7
0-1

[Event "Landesklasse West 2013/2014"]
[Site "?"]
[Date "2013.09.15"]
[Round "1"]
[White "Jörges, Frank"]
[Black "Mages, Horst"]
[Result "1-0"]
[WhiteElo "1796"]
[BlackElo "1713"]
[PlyCount "103"]
[EventDate "2013.??.??"]
[WhiteTeam "ESV Lok Meiningen"]
[BlackTeam "Schachverein Stützerbach"]

1. d4 Nf6 2. c4 g6 3. Nc3 Bg7 4. e4 d6 5. Be2 O-O 6. Bg5 h6 7. Be3 e5 8. d5 a5
9. f3 Nh5 10. g3 Na6 11. Qd2 g5 12. O-O-O Qf6 13. f4 exf4 14. gxf4 Nxf4 15.
Bxf4 Qxf4 16. Qxf4 gxf4 17. Nf3 Bg4 18. Rhg1 Bxf3 19. Bxf3 Kh8 20. Rg4 Bf6 21.
Kc2 Be5 22. Rh4 Kh7 23. Bg4 Rg8 24. Bf5+ Kg7 25. Rg1+ Kf8 26. Rxg8+ Kxg8 27.
Rxh6 Kg7 28. Rh7+ Kf6 29. Rh6+ Ke7 30. Rh4 Rg8 31. Bg4 Rh8 32. Rxh8 Bxh8 33.
Nb1 Nb4+ 34. Kb3 Nd3 35. Nc3 Nc5+ 36. Kc2 Bxc3 37. Kxc3 Nxe4+ 38. Kd4 Nc5 39.
a3 a4 40. Kc3 Kf6 41. h4 Kg6 42. Kd2 f5 43. Bd1 Nd7 44. Bxa4 Ne5 45. Be8+ Kh6
46. b3 Nf3+ 47. Kd3 Nxh4 48. Ke2 Kg5 49. a4 f3+ 50. Kf2 Kf4 51. a5 Ke4 52. Bc6
1-0

[Event "Landesklasse West 2013/2014"]
[Site "?"]
[Date "2013.09.15"]
[Round "1"]
[White "Licht, Ralph"]
[Black "Webel, Jannik"]
[Result "0-1"]
[WhiteElo "1638"]
[BlackElo "1686"]
[PlyCount "56"]
[EventDate "2013.??.??"]
[WhiteTeam "Schachverein Stützerbach"]
[BlackTeam "ESV Lok Meiningen"]

1. d4 d5 2. Nf3 Nf6 3. e3 Bf5 4. Bd3 Bg6 5. O-O e6 6. c4 c6 7. a3 a5 8. Ne5
Bxd3 9. Qxd3 Nbd7 10. Nd2 Qc7 11. f4 Be7 12. b3 O-O 13. Bb2 c5 14. Rac1 b6 15.
Kh1 Rfd8 16. cxd5 Nxd5 17. Rf3 Qb7 18. Rh3 Nf8 19. Qe4 Rac8 20. Ndf3 f6 21. Nc4
Qa6 22. dxc5 Bxc5 23. Nd4 b5 24. Nxa5 Bxd4 25. Rxc8 Rxc8 26. Qxd4 Qxa5 27. b4
Qc7 28. g4 Qc4 0-1

[Event "Landesklasse West 2013/2014"]
[Site "?"]
[Date "2013.09.15"]
[Round "1"]
[White "Rosenberg, Erik"]
[Black "Schenk, Michael"]
[Result "1/2-1/2"]
[WhiteElo "1546"]
[BlackElo "1504"]
[PlyCount "82"]
[EventDate "2013.??.??"]
[WhiteTeam "ESV Lok Meiningen"]
[BlackTeam "Schachverein Stützerbach"]

1. d4 d5 2. c4 Nf6 3. cxd5 Nxd5 4. e4 Nb6 5. Nc3 e6 6. Be3 Bd7 7. Nf3 f6 8. g3
Be7 9. Qe2 Nc6 10. Bg2 O-O 11. O-O f5 12. Rad1 fxe4 13. Nxe4 Nd5 14. Ne5 Be8
15. Bh3 Nxe5 16. dxe5 Bf7 17. f4 c6 18. Bc5 Bxc5+ 19. Nxc5 Qe7 20. Ne4 Rad8 21.
Nd6 Rxd6 22. exd6 Qxd6 23. Rfe1 Re8 24. Qe5 Qe7 25. Bg2 b6 26. Bxd5 cxd5 27.
Rxd5 Rd8 28. Red1 Rxd5 29. Rxd5 h6 30. Qd6 Qe8 31. Rd2 Kh7 32. Qd7 Qf8 33. Kg2
Kg6 34. f5+ exf5 35. Rd6+ Kh7 36. Qxf5+ Kh8 37. Qd7 Bg8 38. Rc6 Kh7 39. Rc7 Qf6
40. Rxa7 Qxb2+ 41. Kh3 Bxa2 1/2-1/2

[Event "Landesklasse West 2013/2014"]
[Site "?"]
[Date "2013.09.15"]
[Round "1"]
[White "Minor, Viatcheslav"]
[Black "Moise, Adrian"]
[Result "0-1"]
[WhiteElo "1953"]
[BlackElo "2163"]
[PlyCount "86"]
[EventDate "2013.??.??"]
[WhiteTeam "SV Wartburgstadt Eisenach"]
[BlackTeam "SV Ammern"]

1. d4 g6 2. e4 Bg7 3. Nc3 b6 4. f4 Bb7 5. Nf3 d6 6. Be3 e6 7. Bd3 Ne7 8. Qe2
Nd7 9. g4 h5 10. Ng5 hxg4 11. Qxg4 Nf6 12. Qg2 Nf5 13. Bb5+ Ke7 14. Qe2 Ng3 15.
Qf3 Nxh1 16. h3 a6 17. Bd3 c5 18. O-O-O Qc7 19. Rxh1 b5 20. dxc5 dxc5 21. Qf2
Nd7 22. f5 Rhf8 23. Nh7 gxf5 24. Nxf8 Rxf8 25. Rg1 Bxc3 26. bxc3 fxe4 27. Qh4+
Ke8 28. Bxe4 Qe5 29. Rg4 Bxe4 30. Rxe4 Qxc3 31. Qf2 Rg8 32. h4 Ne5 33. Kb1 Rg4
34. Rf4 Rxf4 35. Qxf4 Qe1+ 36. Bc1 Qb4+ 37. Qxb4 cxb4 38. Kb2 f5 39. Kb3 Nc6
40. c4 Nd4+ 41. Kb2 bxc4 42. Be3 Nc6 43. h5 Kf7 0-1

[Event "Landesklasse West 2013/2014"]
[Site "?"]
[Date "2013.09.15"]
[Round "1"]
[White "Wegerich, Michael"]
[Black "Schwarz, Hilmar"]
[Result "0-1"]
[WhiteElo "2033"]
[BlackElo "1798"]
[PlyCount "42"]
[EventDate "2013.??.??"]
[WhiteTeam "SV Ammern"]
[BlackTeam "SV Wartburgstadt Eisenach"]

1. e4 e5 2. Nf3 Nc6 3. Bc4 Nf6 4. d4 exd4 5. O-O Bc5 6. e5 d5 7. exf6 dxc4 8.
fxg7 Rg8 9. Re1+ Be6 10. Ng5 Qd5 11. Rxe6+ fxe6 12. Qh5+ Kd7 13. Qf7+ Be7 14.
Na3 Ne5 15. Qh5 Rxg7 16. h4 Rag8 17. f4 Nf7 18. b3 h6 19. Nxc4 hxg5 20. hxg5
Bc5 21. Kf1 Rh8 0-1

[Event "Landesklasse West 2013/2014"]
[Site "?"]
[Date "2013.09.15"]
[Round "1"]
[White "Königsdörfer, Gerhard"]
[Black "Schorch, Rüdiger"]
[Result "0-1"]
[WhiteElo "1862"]
[BlackElo "1887"]
[PlyCount "64"]
[EventDate "2013.??.??"]
[WhiteTeam "SV Wartburgstadt Eisenach"]
[BlackTeam "SV Ammern"]

1. e4 c5 2. Nf3 Nc6 3. c3 d5 4. exd5 Qxd5 5. d4 Nf6 6. Be2 cxd4 7. cxd4 e6 8.
Nc3 Qa5 9. O-O Be7 10. Qb3 O-O 11. Bg5 Nxd4 12. Nxd4 Qxg5 13. Nf3 Qa5 14. Nd2
Qb4 15. Qc2 Bd7 16. Bf3 Rac8 17. a3 Qb6 18. Nde4 Nxe4 19. Bxe4 h6 20. Qe2 Bf6
21. Rab1 a6 22. Rfd1 Rfd8 23. h3 Bc6 24. Rxd8+ Rxd8 25. Bxc6 Bxc3 26. Be4 Rd2
27. Qe3 Qxe3 28. fxe3 Bxb2 29. Bxb7 Bxa3 30. Bxa6 Bc5 31. Rb3 f5 32. Kh1 Rd1+
0-1

[Event "Landesklasse West 2013/2014"]
[Site "?"]
[Date "2013.09.15"]
[Round "1"]
[White "Kampfhenkel, Ulrich"]
[Black "Anschütz, Bernd"]
[Result "1-0"]
[WhiteElo "1908"]
[BlackElo "1759"]
[PlyCount "25"]
[EventDate "2013.??.??"]
[WhiteTeam "SV Ammern"]
[BlackTeam "SV Wartburgstadt Eisenach"]

1. e4 c5 2. Nf3 a6 3. c4 d6 4. d4 cxd4 5. Nxd4 g6 6. Nc3 Bg7 7. Be3 Nf6 8. Be2
O-O 9. O-O Nc6 10. h3 Qc7 11. Rc1 b6 12. Nd5 Qb7 13. Nxc6 1-0

[Event "Landesklasse West 2013/2014"]
[Site "?"]
[Date "2013.09.15"]
[Round "1"]
[White "Graupner, Markus"]
[Black "Kurze, Christoph"]
[Result "1-0"]
[WhiteElo "1655"]
[BlackElo "1851"]
[PlyCount "147"]
[EventDate "2013.??.??"]
[WhiteTeam "SV Wartburgstadt Eisenach"]
[BlackTeam "SV Ammern"]

1. Nf3 Nf6 2. c4 e6 3. b3 d5 4. Bb2 Bd6 5. g3 O-O 6. Bg2 c5 7. O-O d4 8. d3 Nc6
9. e3 dxe3 10. fxe3 Ng4 11. Qe2 e5 12. Nc3 f5 13. d4 e4 14. Ne1 cxd4 15. Nd5
Nxh2 16. Kxh2 Qh4+ 17. Kg1 Bxg3 18. Bxe4 Qxe4 19. Qg2 Qxg2+ 20. Kxg2 Bxe1 21.
Raxe1 dxe3 22. Rxe3 Bd7 23. Rg3 Rf7 24. Nf6+ Rxf6 25. Bxf6 g6 26. Rd3 Be6 27.
Re1 Kf7 28. Bc3 Rc8 29. Rd6 Re8 30. Kg3 g5 31. a3 h5 32. b4 f4+ 33. Kf2 a6 34.
b5 axb5 35. cxb5 Na7 36. Rb6 Nc8 37. Rxb7+ Re7 38. Rxe7+ Nxe7 39. b6 Nc6 40. b7
g4 41. Be5 g3+ 42. Kg1 Bd5 43. b8=Q Nxb8 44. Bxb8 Kf6 45. Bxf4 h4 46. Re5 Bf3
47. Re3 Bc6 48. Bxg3 hxg3 49. Rxg3 Ke5 50. Rg4 Kd5 51. Kf2 Kc5 52. Ke2 Be8 53.
Kd2 Kb5 54. Kc3 Bf7 55. Rb4+ Ka5 56. Kd4 Be8 57. Kc5 Bg6 58. Rg4 Bf5 59. Rg5
Bh3 60. Rg8 Ka6 61. a4 Bf1 62. a5 Ka7 63. Rg6 Be2 64. Rb6 Bf3 65. Kd6 Bb7 66.
Kc7 Be4 67. a6 Ba8 68. Rb2 Be4 69. Ra2 Ba8 70. Kd6 Kb6 71. a7 Kb7 72. Rb2+ Kxa7
73. Kc7 Bd5 74. Rb5 1-0

[Event "Landesklasse West 2013/2014"]
[Site "?"]
[Date "2013.09.15"]
[Round "1"]
[White "Salaske, Peter"]
[Black "Ulbricht, Olaf"]
[Result "1/2-1/2"]
[WhiteElo "1800"]
[BlackElo "1605"]
[PlyCount "83"]
[EventDate "2013.??.??"]
[WhiteTeam "SV Ammern"]
[BlackTeam "SV Wartburgstadt Eisenach"]

1. e4 e5 2. Nf3 Nc6 3. Bb5 d6 4. h3 Bd7 5. c3 a6 6. Ba4 b5 7. Bc2 g6 8. d4 Bg7
9. Bg5 Nf6 10. Qd2 O-O 11. O-O Re8 12. Re1 Qc8 13. Kh2 Re7 14. a4 Nd8 15. b4
Nc6 16. axb5 axb5 17. Na3 Nd8 18. Bd3 c6 19. Nc2 Re8 20. Rxa8 Qxa8 21. dxe5
dxe5 22. Bxf6 Bxf6 23. Bxb5 Bxh3 24. Bxc6 Qxc6 25. Kxh3 Ne6 26. g3 Rd8 27. Qe3
Qd7 28. Kg2 Qc7 29. Na3 Ra8 30. Nb1 Kg7 31. Rd1 h6 32. Qd3 Rd8 33. Qe2 Rc8 34.
Qb5 h5 35. Rd7 Qc4 36. Qd5 Qxd5 37. Rxd5 Rc4 38. Nfd2 Rc8 39. c4 g5 40. b5 h4
41. b6 g4 42. Nc3 1/2-1/2

[Event "Landesklasse West 2013/2014"]
[Site "?"]
[Date "2013.09.15"]
[Round "1"]
[White "Hoppe, Hans-Jörg"]
[Black "Breuer, Harald"]
[Result "0-1"]
[WhiteElo "1525"]
[BlackElo "1799"]
[PlyCount "74"]
[EventDate "2013.??.??"]
[WhiteTeam "SV Wartburgstadt Eisenach"]
[BlackTeam "SV Ammern"]

1. c4 Nf6 2. Nc3 g6 3. g3 Bg7 4. Bg2 O-O 5. e3 c6 6. Nge2 d5 7. cxd5 cxd5 8. d4
Bg4 9. O-O Qd7 10. Re1 Nc6 11. Qb3 Rad8 12. Nf4 e6 13. f3 Bf5 14. g4 g5 15. Nh3
Bg6 16. Nxg5 e5 17. dxe5 Nxe5 18. Ne2 h6 19. Nh3 Rc8 20. Nd4 Qe7 21. Nf4 Bh7
22. Bd2 Rfd8 23. Bb4 Qd7 24. Bh3 Qc7 25. g5 hxg5 26. Bxc8 gxf4 27. Rac1 Qb8 28.
Bh3 Nd3 29. Nf5 Bxf5 30. Bxf5 Nxc1 31. Rxc1 Qe5 32. e4 Qd4+ 33. Kg2 dxe4 34.
Bc3 Qe3 35. Rf1 Qe2+ 36. Kg1 exf3 37. Bh3 Ng4 0-1